1029 1102 1495 1196 1005 1947 1265 1503 1460 1694 1143 1419 1766 1526 1351 1054 1604 1225 1834 1740 1118 1818 1788 1045 1051 1696 1156 1443 1700 1162 1579 1431 1373 1281 1076 1046 1708 1579 1183 1742 1364 1430 1552 1441 1842 1303 1821 1603 1389 1400 1905 1661 1309 1107 1864 1727 1287 1748 1029 1092 1793 1292 1129 1807 1780 1985 1653 1297 1885 1456 1254 1976 1339 1381 1912 1240 1869 1317 1428 1515 1330 1892 1144 1947 1593 1777 1585 1388 1475 1293 1242 1090 1066 1107 1531 1702 1122 1846 1782 BCNSPRNW ULIB Ver.6.0+V

เปลี่ยนเป็นภาษาไทย

Change to English
 แสดงรายละเอียดบรรณานุกรม
  กลับหน้าหลัก

Brief Record : Get Marc (ISO 2709) : E-mail record : QR code < ปิดหน้าต่าง
LEADER : 00000nam 2200000uu 4500
001    13399121717
003     ULIB
008    121130s||||||||th 000 0 tha d
020    ^a9789749659588
060 04 ^aWD210^bล111 2550
100 0  ^aทัทยา อนุสสร
245 10 ^aลดน้ำหนัก/^cนิดดา หงษ์วิวัฒน์
250    ^aพิมพ์ครั้งที่ 1
260    ^aกรุงเทพฯ :^bแสงแดด,^c2550
300    ^a227 หน้า :^bภาพประกอบ
650  7 ^aการลดความอ้วน
945    ^p185^l0^i14504
995    ^aกัณชพร
999 ^a ใช้งานได้ทุกระบบ
รายการนี้ยังไม่มีแท็ก
คุณยังไม่ได้ล็อกอิน คุณสามารถมีกิจกรรมร่วมกับเว็บไซต์ได้ แต่ต้องล็อกอินก่อน ::
  ล็อกอิน

รายการสื่อสารสนเทศ

ลำดับที่ ประเภท เลขเรียก/บาร์โค้ด สถานที่ สถานะ
1. วิทยาศาสตร์การแพทย์ และสุขภาพ
วิทยาศาสตร์การแพทย์ และสุขภาพ
WD210 ล111 2550  
  Barcode: 14504
ห้องสมุดวิทยาเขตสวรรค์ประชารักษ์
►หนังสือทั่วไป
บนชั้น

รายการใกล้เคียง
    ผู้แต่ง [ทัทยา อนุสสร]

    หัวเรื่อง [การลดความอ้วน]

BibComment


ยังไม่เคยถูกคอมเมนท์

คอมเมนท์ทรัพยากรรายการนี้
  คอมเมนท์: ลดน้ำหนัก นิดดา ..


 Copyright 2026. Bcnsprnw @Library